[Event "V Festival A"]
[Site "Campobasso ITA"]
[Date "1998.09.12"]
[Round "3"]
[White "Monteleone, Antonio"]
[Black "Lupo, Alfredo"]
[Result "1/2-1/2"]
[WhiteElo "2140"]
[BlackElo "2120"]
[PlyCount "76"]
[EventDate "1998.09.11"]

1. d4 d5 2. c4 e6 3. Nc3 Nf6 4. Bg5 Be7 5. e3 Nbd7 6. Nf3 O-O 7. Rc1 c6 8. Qc2
h6 9. Bh4 Re8 10. Bd3 dxc4 11. Bxc4 Nd5 12. Bxe7 Qxe7 13. O-O Nxc3 14. Qxc3 e5
15. dxe5 Nxe5 16. Nxe5 Qxe5 17. Qxe5 Rxe5 18. Rfd1 Kf8 19. Rd8+ Re8 20. Rcd1
Ke7 21. R8d6 b5 22. Be2 Be6 23. Bf3 Red8 24. Rxd8 Rxd8 25. Rxd8 Kxd8 26. Bxc6
b4 27. a3 Kc7 28. Be8 bxa3 29. bxa3 Bc4 30. e4 Kd6 31. f4 Kc5 32. Kf2 Kd4 33.
e5 Ke4 34. g3 Bd5 35. Ba4 a5 36. Bd1 Kd4 37. g4 g5 38. Kg3 Ke3 1/2-1/2

[Event "V Festival A"]
[Site "Campobasso ITA"]
[Date "1998.09.12"]
[Round "3"]
[White "Mrdja, Milan"]
[Black "Petruccioli, Antonio"]
[Result "1-0"]
[WhiteElo "2430"]
[BlackElo "1992"]
[PlyCount "101"]
[EventDate "1998.09.11"]

1. e4 c5 2. Nf3 a6 3. c4 d6 4. d4 cxd4 5. Nxd4 Nf6 6. Nc3 e6 7. Bd3 Be7 8. O-O
Nbd7 9. b3 Qc7 10. Bb2 b6 11. Rc1 Bb7 12. Kh1 O-O 13. Qe2 Rfe8 14. f4 Rac8 15.
Nf3 Nf8 16. Rce1 N6d7 17. Qf2 Bf6 18. Qg3 Ng6 19. h4 e5 20. f5 Nf4 21. Bb1 Nc5
22. Rd1 Be7 23. Qe1 Bc6 24. g3 Nh5 25. g4 Nf6 26. g5 Nfd7 27. Nd5 Bxd5 28. Rxd5
b5 29. cxb5 axb5 30. Qe2 Qb7 31. Rf2 f6 32. b4 Na4 33. Bd3 Nc3 34. Bxc3 Rxc3
35. Bxb5 Ra8 36. Bxd7 Qxd7 37. Rd3 Raa3 38. Rxc3 Rxc3 39. Qd2 Qc7 40. Qd5+ Kf8
41. g6 hxg6 42. fxg6 Bd8 43. Ng5 Qe7 44. Ne6+ Ke8 45. Qb5+ Qd7 46. Nxg7+ Ke7
47. Nf5+ Ke8 48. Nxd6+ Ke7 49. Nf5+ Ke8 50. Qxd7+ Kxd7 51. g7 1-0

[Event "V Festival A"]
[Site "Campobasso ITA"]
[Date "1998.09.12"]
[Round "3"]
[White "Passerotti, Pierluigi"]
[Black "Naumkin, Igor"]
[Result "0-1"]
[WhiteElo "2305"]
[BlackElo "2475"]
[PlyCount "120"]
[EventDate "1998.09.11"]

1. d4 e6 2. e3 Nf6 3. Bd3 c5 4. Nf3 Nc6 5. O-O b6 6. Nbd2 cxd4 7. exd4 Be7 8.
c3 O-O 9. Qe2 Bb7 10. Ng5 g6 11. Ndf3 d6 12. Bd2 a6 13. Rfe1 b5 14. Rad1 Qd7
15. Bc1 Rac8 16. h3 Na5 17. Nh2 Bd5 18. Bb1 Qb7 19. f3 b4 20. Bd2 Nc4 21. cxb4
Nxb2 22. Rc1 Nc4 23. Bc3 Qb6 24. Nf1 Na3 25. Qd2 Nxb1 26. Rxb1 h6 27. Ne4 Bxe4
28. fxe4 Qc6 29. Bb2 Nxe4 30. Qxh6 Bg5 31. Qh8+ Kxh8 32. d5+ Nc3 33. dxc6 Rxc6
34. Ng3 d5 35. Ne2 Bf6 36. Nxc3 Bxc3 37. a4 Bxb2 38. Rxb2 Rb8 39. Reb1 Rc4 40.
Kf2 Kg7 41. Ke3 Kf6 42. Rb3 Ke5 43. Kd3 Rb6 44. g4 Rd4+ 45. Kc3 Rc4+ 46. Kd3 f5
47. gxf5 gxf5 48. R3b2 f4 49. h4 Kf5 50. h5 e5 51. b5 Rxa4 52. h6 Ra3+ 53. Rb3
Rxb3+ 54. Rxb3 axb5 55. h7 Rh6 56. Rxb5 Rh3+ 57. Ke2 Rxh7 58. Rxd5 Ke4 59. Ra5
Rh2+ 60. Kf1 f3 0-1

[Event "V Festival A"]
[Site "Campobasso ITA"]
[Date "1998.09.12"]
[Round "3"]
[White "Pecorari, Marcello"]
[Black "De Bortoli, Peter"]
[Result "0-1"]
[WhiteElo "1788"]
[BlackElo "2215"]
[PlyCount "126"]
[EventDate "1998.09.11"]

1. e4 c5 2. d4 cxd4 3. c3 d3 4. Bxd3 Qc7 5. f4 b6 6. Be3 Bb7 7. Nd2 e6 8. Ngf3
Nf6 9. Nd4 Na6 10. Qf3 Nc5 11. Bc2 Be7 12. O-O-O a6 13. g4 d5 14. e5 Nfe4 15.
Rhf1 Nxd2 16. Bxd2 Ne4 17. Rde1 Nxd2 18. Kxd2 O-O-O 19. f5 Bg5+ 20. Kd1 Rde8
21. Bd3 g6 22. Qg3 Qe7 23. f6 Qd7 24. h4 Bh6 25. g5 Bf8 26. Bc2 Kb8 27. Qd3 h5
28. Rf4 Ka8 29. Ke2 Rc8 30. a4 Rc7 31. a5 Bc5 32. Nb3 Bc6 33. Nxc5 bxc5 34. Qd1
Rb7 35. b4 Rhb8 36. Qd2 Ba4 37. Rb1 Bxc2 38. Qxc2 Qc7 39. Qd2 Qxe5+ 40. Qe3
Qxe3+ 41. Kxe3 e5 42. Rff1 cxb4 43. Rfd1 Rb5 44. cxb4 Rc8 45. Rdc1 Rxc1 46.
Rxc1 Kb7 47. Rb1 Kc7 48. Rc1+ Kd7 49. Rb1 Rb7 50. Kd3 Kd6 51. Rb2 Kc6 52. b5+
axb5 53. a6 Rb6 54. Ra2 Rb8 55. Rb2 Kd6 56. a7 Ra8 57. Rxb5 Rxa7 58. Rb8 Ra3+
59. Kd2 Ra4 60. Rd8+ Ke6 61. Re8+ Kf5 62. Re7 Rxh4 63. Rxf7 Kxg5 0-1

[Event "V Festival A"]
[Site "Campobasso ITA"]
[Date "1998.09.12"]
[Round "3"]
[White "Quimi, Marco"]
[Black "Safranska, Anda"]
[Result "0-1"]
[WhiteElo "2250"]
[BlackElo "2275"]
[PlyCount "120"]
[EventDate "1998.09.11"]

1. e4 d6 2. d4 Nf6 3. Nc3 g6 4. Nf3 Bg7 5. Be2 O-O 6. O-O c6 7. a4 a5 8. h3 Qc7
9. Re1 e5 10. Be3 Qe7 11. Bf1 Nbd7 12. Qd2 Re8 13. Rad1 Qf8 14. Bc4 h6 15. d5
c5 16. Nh2 Kh7 17. Nb5 Nb6 18. Bd3 Qe7 19. b3 Rf8 20. f4 exf4 21. Bxf4 Ne8 22.
Nf3 Nd7 23. Re2 b6 24. Rde1 Ne5 25. Nxe5 dxe5 26. Be3 Bd7 27. Rf1 Bxb5 28. Bxb5
Nd6 29. Bd3 Rad8 30. Ref2 Qh4 31. c4 Rd7 32. Qc2 Kg8 33. Kh2 Qd8 34. Qd2 Kh7
35. g3 f6 36. Qe2 Rdf7 37. h4 h5 38. g4 hxg4 39. Qxg4 Qd7 40. Qg2 Bh6 41. Bxh6
Kxh6 42. Rg1 Rg8 43. Be2 Qe7 44. h5 g5 45. Bg4 Rgf8 46. Rgf1 Rg7 47. Qf3 Rh7
48. Bf5 Rg7 49. Bg6 f5 50. exf5 Qf6 51. Re2 Re7 52. Qg3 e4 53. Re3 Rd8 54. Qg4
Rf8 55. Rf2 Re5 56. Rd2 Nxf5 57. Rxe4 Ne3 58. Qd7 Rh8 59. Re2 Rxe4 60. Bxe4
Qf4+ 0-1

[Event "V Festival A"]
[Site "Campobasso ITA"]
[Date "1998.09.12"]
[Round "3"]
[White "Scagliarini, Valentina"]
[Black "Castrogiovanni, Carlo"]
[Result "0-1"]
[WhiteElo "1762"]
[BlackElo "2045"]
[PlyCount "66"]
[EventDate "1998.09.11"]

1. e4 c5 2. Nf3 Nc6 3. d4 cxd4 4. Nxd4 Nf6 5. Nc3 e5 6. Ndb5 d6 7. Bg5 a6 8.
Na3 b5 9. Nd5 Be7 10. Nxe7 Nxe7 11. f3 Be6 12. c3 O-O 13. Be2 Qb6 14. Qd2 d5
15. Be3 Qb7 16. exd5 Nfxd5 17. O-O Rfd8 18. Qc1 Rac8 19. Nb1 Nf5 20. Bf2 Nf4
21. Re1 Bc4 22. Bxc4 bxc4 23. Qc2 Nd3 24. Re2 Ne7 25. b3 Ng6 26. Be3 Ngf4 27.
Bxf4 Nxf4 28. Rd2 Qb6+ 29. Kf1 Qh6 30. Kg1 Qg5 31. Kh1 Rxd2 32. Qxd2 Rd8 33.
Qc2 Rd1+ 0-1

[Event "V Festival A"]
[Site "Campobasso ITA"]
[Date "1998.09.12"]
[Round "3"]
[White "Simeoni, Matteo"]
[Black "Fragni, Enrico"]
[Result "1-0"]
[WhiteElo "2035"]
[BlackElo "1822"]
[PlyCount "118"]
[EventDate "1998.09.11"]

1. e4 c6 2. Nc3 Qc7 3. Nf3 d6 4. d4 Bg4 5. Bc4 e6 6. h3 Bh5 7. g4 Bg6 8. Bf4
Nf6 9. Qe2 Be7 10. a4 Qa5 11. O-O O-O 12. Rfd1 Nbd7 13. e5 dxe5 14. dxe5 Nd5
15. Bd2 Qb6 16. Bd3 Nc5 17. Bxg6 fxg6 18. Nxd5 exd5 19. Be3 Qc7 20. Kg2 Ne6 21.
c4 Bc5 22. cxd5 cxd5 23. Rac1 Qa5 24. Kg1 Bxe3 25. Qxe3 Rf7 26. Nd4 Nc5 27. e6
Re7 28. Qg5 Rae8 29. Qxd5 b6 30. Nc6 Qxa4 31. Nxe7+ Rxe7 32. Qa8+ Re8 33. Rd8
Kf8 34. e7+ Kf7 35. Qd5+ Ne6 36. Re1 Rxe7 37. Rxe6 Rxe6 38. Rd7+ Qxd7 39. Qxd7+
Re7 40. Qd5+ Re6 41. Kg2 h6 42. h4 Kf6 43. Kg3 a5 44. Qd8+ Kf7 45. f3 h5 46. g5
a4 47. Qd7+ Re7 48. Qxa4 Re6 49. Qa7+ Kf8 50. Qb8+ Kf7 51. Qc7+ Kf8 52. Qd8+
Kf7 53. Qd5 Ke7 54. Kf4 Kf7 55. Qd8 Re7 56. Qxb6 Re6 57. Qc7+ Kf8 58. b4 Re7
59. Qd6 Kf7 1-0

[Event "V Festival A"]
[Site "Campobasso ITA"]
[Date "1998.09.12"]
[Round "3"]
[White "Voiska, Margarita"]
[Black "Maxia, Giuseppe"]
[Result "1-0"]
[WhiteElo "2350"]
[BlackElo "1900"]
[PlyCount "41"]
[EventDate "1998.09.11"]

1. c4 e5 2. Nc3 f5 3. g3 Nf6 4. Bg2 c6 5. Nf3 d6 6. d4 e4 7. Ng5 Be7 8. f3 d5
9. Qb3 Nh5 10. Nh3 dxc4 11. Qxc4 b5 12. Qb3 Qxd4 13. Ng5 Bxg5 14. Bxg5 Nf6 15.
Rd1 Qe5 16. fxe4 Be6 17. Qa3 Nbd7 18. Bf4 Qc5 19. Qxc5 Nxc5 20. exf5 Bd7 21.
Bd6 1-0

[Event "V Festival A"]
[Site "Campobasso ITA"]
[Date "1998.09.12"]
[Round "4"]
[White "Aleksieva, Silvia"]
[Black "Capuano, Eugenio"]
[Result "1/2-1/2"]
[WhiteElo "2335"]
[BlackElo "2150"]
[PlyCount "162"]
[EventDate "1998.09.11"]

1. d4 Nf6 2. Nf3 g6 3. c4 Bg7 4. Nc3 O-O 5. Bg5 d6 6. e3 c6 7. Qc2 a6 8. Rd1
Nbd7 9. Be2 b5 10. a3 Qb6 11. O-O Bb7 12. b4 bxc4 13. Bxc4 a5 14. Rb1 Ba6 15.
b5 cxb5 16. Bxb5 Bxb5 17. Nxb5 Rfc8 18. Qa2 a4 19. Bf4 Qc6 20. Ng5 Qd5 21. Qxd5
Nxd5 22. Bg3 h6 23. Nf3 N7f6 24. Nd2 Rc2 25. Rfd1 Nh5 26. Kf1 Rac8 27. Ke1 Nxg3
28. hxg3 Nc3 29. Nxc3 R8xc3 30. Rb8+ Kh7 31. Nb1 Rb3 32. Rxb3 axb3 33. Nd2 Ra2
34. Nxb3 Rxa3 35. Nd2 Ra2 36. Rc1 Bf6 37. Ke2 h5 38. Kd3 Kg7 39. Rc2 Ra1 40. f3
Ra3+ 41. Rc3 Ra2 42. Rb3 Ra1 43. Rb2 Ra3+ 44. Ke2 Ra1 45. Rc2 Rg1 46. Kf2 Ra1
47. f4 Rd1 48. Kf3 Re1 49. Nb3 Rf1+ 50. Rf2 Rb1 51. Nd2 Rb2 52. g4 hxg4+ 53.
Kxg4 Rb5 54. Kf3 d5 55. Rf1 Rb2 56. Ke2 e6 57. Rb1 Ra2 58. Kd3 Bd8 59. g4 Ba5
60. Nf3 Rg2 61. Rb5 Bd8 62. Rb8 Be7 63. Rb7 Kf8 64. Ne5 Ra2 65. g5 Rh2 66. Nc6
Bd6 67. Rd7 Ba3 68. Rd8+ Kg7 69. Ne5 Be7 70. Re8 Bd6 71. Nd7 Rh8 72. Nf6 Ba3
73. Kc2 Rxe8 74. Nxe8+ Kf8 75. Nc7 Ke7 76. Nb5 Bb4 77. Nc3 Bd6 78. Kb3 Kd7 79.
Ka4 Kc7 80. Nb5+ Kc6 81. Nxd6 Kxd6 1/2-1/2

[Event "V Festival A"]
[Site "Campobasso ITA"]
[Date "1998.09.12"]
[Round "4"]
[White "Artizzu, Giulio"]
[Black "Pecorari, Marcello"]
[Result "0-1"]
[WhiteElo "1729"]
[BlackElo "1788"]
[PlyCount "76"]
[EventDate "1998.09.11"]

1. e4 c6 2. d4 d5 3. Nc3 dxe4 4. Bc4 Nf6 5. f3 exf3 6. Nxf3 Bf5 7. Ne5 e6 8.
O-O Bg6 9. Qe2 Qxd4+ 10. Kh1 Bd6 11. Bf4 Bxe5 12. Rad1 Qxf4 13. Rxf4 Bxf4 14.
Bxe6 O-O 15. Bb3 Bh5 16. Qf2 Bxd1 17. Qxf4 Bh5 18. h3 Nbd7 19. g4 Bg6 20. h4
Rae8 21. h5 Nxh5 22. gxh5 Bxh5 23. Qf5 Nf6 24. Kg2 Re1 25. Qf2 Rfe8 26. Qxa7
R1e7 27. Qc5 Bg6 28. a4 h6 29. a5 Ne4 30. Nxe4 Rxe4 31. a6 bxa6 32. Qxc6 Re2+
33. Kf1 Re1+ 34. Kf2 R8e2+ 35. Kg3 Rg1+ 36. Kf4 Rf1+ 37. Kg3 Re3+ 38. Kg4 Bf5+
0-1

[Event "V Festival A"]
[Site "Campobasso ITA"]
[Date "1998.09.12"]
[Round "4"]
[White "Capezza, Marco"]
[Black "Luigini, Ottavio"]
[Result "0-1"]
[WhiteElo "1762"]
[BlackElo "1804"]
[PlyCount "54"]
[EventDate "1998.09.11"]

1. d4 Nf6 2. c4 e6 3. Nf3 b6 4. a3 Bb7 5. Nc3 Be7 6. e3 O-O 7. Bd3 d6 8. O-O
Nbd7 9. Qe2 e5 10. dxe5 dxe5 11. e4 c6 12. Rd1 Qc7 13. h3 a5 14. b3 Nc5 15. Bc2
Ne6 16. g3 Nd7 17. Bb2 Nd4 18. Nxd4 exd4 19. Nb1 c5 20. Nd2 f5 21. exf5 Rae8
22. f4 Bf6 23. Ne4 d3 24. Nxf6+ Nxf6 25. Qxd3 Qc6 26. Rd2 Qh1+ 27. Kf2 Qg2# 0-1

[Event "V Festival A"]
[Site "Campobasso ITA"]
[Date "1998.09.12"]
[Round "4"]
[White "De Bortoli, Peter"]
[Black "Pilla, Giuseppe"]
[Result "1-0"]
[WhiteElo "2215"]
[BlackElo "1923"]
[PlyCount "55"]
[EventDate "1998.09.11"]

1. e4 e5 2. f4 exf4 3. Bc4 Nf6 4. Nc3 c6 5. Qe2 d5 6. exd5+ Be7 7. d4 cxd5 8.
Bb5+ Nc6 9. Bxf4 O-O 10. Nf3 Re8 11. O-O Bd6 12. Qd2 Ne4 13. Nxe4 Bxf4 14. Qxf4
Rxe4 15. Qg5 Qb6 16. Bd3 Nxd4 17. Kh1 Nxf3 18. Rxf3 Re8 19. Raf1 Be6 20. Rg3
Qxb2 21. c3 g6 22. h4 Qb6 23. h5 Qc7 24. hxg6 fxg6 25. Bxg6 hxg6 26. Qxg6+ Kh8
27. Qf6+ Kh7 28. Qh4# 1-0

[Event "V Festival A"]
[Site "Campobasso ITA"]
[Date "1998.09.12"]
[Round "4"]
[White "De Toma, Francesco"]
[Black "Petruccioli, Antonio"]
[Result "0-1"]
[WhiteElo "1740"]
[BlackElo "1992"]
[PlyCount "70"]
[EventDate "1998.09.11"]

1. e4 c5 2. Nf3 a6 3. c4 d6 4. d4 cxd4 5. Nxd4 Nf6 6. Nc3 e6 7. Bd3 Be7 8. O-O
Nbd7 9. b3 Qc7 10. Bb2 Nc5 11. Bc2 b6 12. f3 O-O 13. Qe1 Bb7 14. Rd1 Ne8 15.
Kh1 Rd8 16. Bb1 Bf6 17. Qg3 Be5 18. f4 Bf6 19. Nde2 Nxe4 20. Qh3 g6 21. Nxe4
Bxe4 22. Bxe4 Bxb2 23. Nd4 Nf6 24. Bb1 Qc5 25. Nxe6 fxe6 26. Qxe6+ Kh8 27. Qe2
Ba3 28. f5 Rde8 29. Qc2 g5 30. Rfe1 Re5 31. Rxe5 Qxe5 32. Qd2 Re8 33. Bd3 Ng4
34. g3 Bc5 35. Qxg5 Nf2+ 0-1

[Event "V Festival A"]
[Site "Campobasso ITA"]
[Date "1998.09.12"]
[Round "4"]
[White "De Vita, Gianni"]
[Black "Passerotti, Pierluigi"]
[Result "0-1"]
[WhiteElo "2130"]
[BlackElo "2305"]
[PlyCount "102"]
[EventDate "1998.09.11"]

1. e4 c5 2. c3 e6 3. d4 a6 4. a4 Nf6 5. Bd3 Nc6 6. dxc5 Bxc5 7. Nf3 d5 8. exd5
exd5 9. O-O O-O 10. Bg5 Bg4 11. Nbd2 h6 12. Bh4 Ne5 13. Be2 Ng6 14. Bxf6 Qxf6
15. Nb3 Ba7 16. Nfd4 Bd7 17. Bg4 Be8 18. Qf3 Qg5 19. Qf5 Ne5 20. Qxg5 hxg5 21.
Be2 f6 22. g3 Bf7 23. Kg2 Rad8 24. Rfd1 Rd7 25. Nf5 Rfd8 26. Nfd4 Nc4 27. Rab1
Bg6 28. Bd3 Be4+ 29. Bxe4 dxe4 30. Re1 Re8 31. Re2 g6 32. Rh1 Rde7 33. h4 gxh4
34. Rxh4 f5 35. Kf1 Ne5 36. Rc2 Kg7 37. Kg2 Nd3 38. Re2 Kf6 39. Kg1 Ne5 40. Rf4
Kg5 41. Rh4 Bb6 42. Kf1 Kf6 43. Rf4 Ng4 44. Kg2 Re5 45. f3 exf3+ 46. Kxf3 Rxe2
47. Nxe2 Re3+ 48. Kg2 Rxe2+ 49. Kf1 Rxb2 50. Nd4 Bxd4 51. Rxd4 Nh2+ 0-1

[Event "V Festival A"]
[Site "Campobasso ITA"]
[Date "1998.09.12"]
[Round "4"]
[White "Di Lascio, Savino"]
[Black "Monteleone, Antonio"]
[Result "0-1"]
[WhiteElo "1753"]
[BlackElo "2140"]
[PlyCount "125"]
[EventDate "1998.09.11"]

1. Nf3 d5 2. g3 Nf6 3. Bg2 c6 4. O-O Bg4 5. h3 Bh5 6. d3 e6 7. Nbd2 Be7 8. Re1
O-O 9. Nf1 Nbd7 10. g4 Bg6 11. Bf4 Re8 12. Ng3 h6 13. Qd2 Bf8 14. Qc3 Qb6 15.
a3 d4 16. Qb3 Qxb3 17. cxb3 e5 18. Bd2 a5 19. Nh4 Bh7 20. Nhf5 Nc5 21. g5 hxg5
22. Bxg5 Nfd7 23. Rac1 f6 24. Bd2 Nxb3 25. Rc2 Ndc5 26. Kh1 Nxd2 27. Rxd2 g6
28. Nh4 Bh6 29. Rc2 Nb3 30. Ne4 Re6 31. e3 Rd8 32. Nc5 Nxc5 33. Rxc5 dxe3 34.
fxe3 Rxd3 35. Rxa5 Rxe3 36. Rd1 Re7 37. Ra7 Kf7 38. b4 Bf4 39. Nf3 g5 40. a4
Be4 41. Rf1 Ke6 42. b5 cxb5 43. axb5 Rh7 44. Ra4 Bd3 45. Re1 Bxb5 46. Rxe3 Bxe3
47. Re4 Bf2 48. Rxe5+ fxe5 49. Nxg5+ Kf5 50. Nxh7 e4 51. Bxe4+ Kxe4 52. Nf6+
Kf4 53. Kg2 Bd4 54. Nd5+ Kg5 55. Nb4 Be2 56. Nc2 Bc5 57. Kg3 b5 58. Kg2 Bd1 59.
Ne1 Be2 60. Nc2 Bd3 61. Na1 Kf4 62. Nb3 Bb6 63. h4 0-1

[Event "V Festival A"]
[Site "Campobasso ITA"]
[Date "1998.09.12"]
[Round "4"]
[White "Fantazzini, Massimiliano"]
[Black "Simeoni, Matteo"]
[Result "1/2-1/2"]
[WhiteElo "1642"]
[BlackElo "2035"]
[PlyCount "83"]
[EventDate "1998.09.11"]

1. d4 f5 2. c4 e6 3. g3 Bb4+ 4. Bd2 Be7 5. Bg2 Nf6 6. Nc3 O-O 7. a4 d6 8. e3
Qe8 9. b4 e5 10. Nb5 Bd8 11. dxe5 dxe5 12. Bc3 a6 13. Na3 e4 14. Nh3 Nc6 15.
O-O Ng4 16. b5 Nce5 17. Nf4 Bf6 18. Bd4 Kh8 19. h3 Nh6 20. Kh1 Be6 21. Qe2 axb5
22. axb5 Bf7 23. Rfc1 Bg5 24. Nd5 Bxd5 25. cxd5 Rf7 26. f4 exf3 27. Bxf3 Nxf3
28. Qxf3 Qd7 29. Kh2 Rd8 30. Rd1 Kg8 31. Bb2 Be7 32. Rd3 b6 33. Be5 Re8 34. Qf4
g5 35. Qd4 Bc5 36. Qc3 Rfe7 37. Nc4 g4 38. d6 cxd6 39. Bxd6 Bxd6 40. Nxd6 Rd8
41. Qc6 Re6 42. Qc4 1/2-1/2

[Event "V Festival A"]
[Site "Campobasso ITA"]
[Date "1998.09.12"]
[Round "4"]
[White "Ficco, Corrado"]
[Black "Leveque, Sergio"]
[Result "1-0"]
[WhiteElo "2175"]
[BlackElo "1711"]
[PlyCount "54"]
[EventDate "1998.09.11"]

1. e4 c5 2. Nf3 d6 3. d4 cxd4 4. Nxd4 Nf6 5. Nc3 g6 6. Be3 Bg7 7. f3 O-O 8. Qd2
Nc6 9. g4 Bxg4 10. fxg4 Nxg4 11. Nb3 a5 12. a4 Nb4 13. Bd4 Bh6 14. Qg2 e5 15.
Bg1 Qh4+ 16. Kd1 Rac8 17. Nxa5 f5 18. Be2 Qg5 19. Bxg4 fxg4 20. Nb3 Rf3 21. Bf2
Rcxc3 22. bxc3 Rxc3 23. Be1 Rxc2 24. Bd2 Qh5 25. Qe2 d5 26. Rc1 Rb2 27. Rc8+
Kg7 1-0

[Event "V Festival A"]
[Site "Campobasso ITA"]
[Date "1998.09.12"]
[Round "4"]
[White "Fragni, Enrico"]
[Black "Capitelli, Paolo"]
[Result "0-1"]
[WhiteElo "1822"]
[BlackElo "1842"]
[PlyCount "74"]
[EventDate "1998.09.11"]

1. d4 Nf6 2. Nd2 d6 3. g3 g6 4. Nb3 Bg7 5. Be3 O-O 6. Qd2 Nbd7 7. Bh6 e5 8.
Bxg7 Kxg7 9. e3 Qe7 10. O-O-O b6 11. g4 Bb7 12. h4 Nxg4 13. d5 Ngf6 14. Ne2
Bxd5 15. e4 Be6 16. Bh3 Nh5 17. Rdg1 Bxh3 18. Rxh3 Qe6 19. Rh2 Ndf6 20. Qg5 h6
21. Qe3 a5 22. Kb1 d5 23. exd5 Nxd5 24. Qe4 a4 25. Nbc1 Ndf4 26. Ng3 Nxg3 27.
Rxg3 Qd5 28. Qe3 Qd4 29. Qe1 Rfd8 30. Rh1 c5 31. Ne2 Nxe2 32. Qxe2 a3 33. bxa3
Rxa3 34. Rg4 Qd5 35. c4 Qd3+ 36. Qc2 Qxc2+ 37. Kxc2 Rxa2+ 0-1

[Event "V Festival A"]
[Site "Campobasso ITA"]
[Date "1998.09.12"]
[Round "4"]
[White "Gardon, Ermanno"]
[Black "Quimi, Marco"]
[Result "1-0"]
[WhiteElo "2110"]
[BlackElo "2250"]
[PlyCount "78"]
[EventDate "1998.09.11"]

1. e4 c5 2. Nf3 Nc6 3. d4 cxd4 4. Nxd4 g6 5. c4 Bg7 6. Be3 Nf6 7. Nc3 Ng4 8.
Qxg4 Nxd4 9. Qd1 Ne6 10. Rc1 Qa5 11. Bd3 b6 12. O-O Bb7 13. f4 Nc5 14. Bb1 O-O
15. Bd4 Bxd4+ 16. Qxd4 d6 17. Nd5 Bxd5 18. cxd5 Na6 19. Rf3 Rfc8 20. Rfc3 Rxc3
21. Rxc3 f6 22. a3 Kg7 23. b4 Qa4 24. Bc2 Qe8 25. Qc4 Nb8 26. Qc8 Qxc8 27. Rxc8
b5 28. e5 fxe5 29. fxe5 a6 30. Bd3 Kf7 31. Kf2 Kg7 32. g4 Kf7 33. g5 a5 34.
bxa5 dxe5 35. Bxb5 Rxa5 36. Rxb8 Rxa3 37. Bc4 Ra7 38. d6+ e6 39. Rc8 Rd7 1-0

[Event "V Festival A"]
[Site "Campobasso ITA"]
[Date "1998.09.12"]
[Round "4"]
[White "Lupo, Alfredo"]
[Black "Iatrino, Vincenzo"]
[Result "1-0"]
[WhiteElo "2120"]
[BlackElo "1743"]
[PlyCount "67"]
[EventDate "1998.09.11"]

1. e4 c5 2. Nc3 Nc6 3. g3 e6 4. Bg2 Nge7 5. Nf3 d6 6. O-O g6 7. d4 cxd4 8. Nxd4
a6 9. Bg5 Bg7 10. Nxc6 bxc6 11. e5 d5 12. Qd4 Nf5 13. Qc5 Qd7 14. g4 Bf8 15.
Qb6 Be7 16. Bxe7 Nxe7 17. Rad1 Qa7 18. Qb4 c5 19. Qf4 O-O 20. Rd3 Qc7 21. Qf6
Nc6 22. Re1 Qe7 23. Qf4 g5 24. Qd2 Rb8 25. Rxd5 Nd4 26. Ne4 h6 27. Rxc5 Rd8 28.
Qe3 Rxb2 29. Nf6+ Kf8 30. Rxc8 Rxc8 31. Qxd4 Rcxc2 32. Rd1 Rxf2 33. Qd8+ Qxd8
34. Rxd8+ 1-0

[Event "V Festival A"]
[Site "Campobasso ITA"]
[Date "1998.09.12"]
[Round "4"]
[White "Martorelli, Antonio"]
[Black "Lazarev, Vladimir"]
[Result "0-1"]
[WhiteElo "2380"]
[BlackElo "2450"]
[PlyCount "90"]
[EventDate "1998.09.11"]

1. e4 c5 2. Nf3 d6 3. d4 cxd4 4. Nxd4 Nf6 5. Nc3 a6 6. g3 e6 7. Bg2 Bd7 8. O-O
Nc6 9. a4 Qc7 10. Nb3 b6 11. f4 Rb8 12. Qe2 b5 13. axb5 axb5 14. e5 b4 15. exf6
bxc3 16. bxc3 gxf6 17. Qh5 Ne7 18. Ba3 Bg7 19. Rfd1 d5 20. Nd4 f5 21. Re1 Qxc3
22. Nf3 Ra8 23. Bb4 Bd4+ 24. Kh1 Qxa1 25. Rxa1 Rxa1+ 26. Ne1 Nc6 27. Bd2 O-O
28. h4 f6 29. Kh2 Ra2 30. g4 Be8 31. Qh6 fxg4 32. f5 Bf7 33. fxe6 Bxe6 34. Qh5
Be5+ 35. Kg1 Nd4 36. Bh6 Ne2+ 37. Kf2 Ng3 38. Bxd5 Nxh5 39. Bxe6+ Kh8 40. Bxf8
Bg3+ 41. Kf1 Ra1 42. Bb4 Bxe1 43. Bxe1 g3 44. Ke2 Nf4+ 45. Kd2 g2 0-1

[Event "V Festival A"]
[Site "Campobasso ITA"]
[Date "1998.09.12"]
[Round "4"]
[White "Maxia, Giuseppe"]
[Black "Pizzuto, Samuele Tullio"]
[Result "0-1"]
[WhiteElo "1900"]
[BlackElo "2090"]
[PlyCount "62"]
[EventDate "1998.09.11"]

1. e4 Nf6 2. Nc3 d5 3. exd5 Nxd5 4. Nxd5 Qxd5 5. d4 Bf5 6. Nf3 Qe4+ 7. Be3 e6
8. c3 Be7 9. Be2 Nd7 10. O-O O-O 11. Nd2 Qh4 12. g3 Qf6 13. g4 Qg6 14. Kh1 Bc2
15. Qc1 Bd3 16. Bxd3 Qxd3 17. Qb1 Qe2 18. Qd1 Qd3 19. Qb1 Qb5 20. f4 Nf6 21. h3
Rad8 22. Rf2 c5 23. Kh2 cxd4 24. Bxd4 Bc5 25. a4 Qc6 26. Bxf6 Bxf2 27. Ne4 Be3
28. Kg3 Rd7 29. g5 Qc4 30. Bxg7 Kxg7 31. Nf6 Qxf4+ 0-1

[Event "V Festival A"]
[Site "Campobasso ITA"]
[Date "1998.09.12"]
[Round "4"]
[White "Mrdja, Milan"]
[Black "Gagliardi, Pietro"]
[Result "1-0"]
[WhiteElo "2430"]
[BlackElo "2205"]
[PlyCount "67"]
[EventDate "1998.09.11"]

1. e4 c6 2. d4 d5 3. Nd2 dxe4 4. Nxe4 Bf5 5. Ng3 Bg6 6. Nf3 Nd7 7. h4 h6 8. h5
Bh7 9. Bd3 Bxd3 10. Qxd3 Qc7 11. Bd2 Ngf6 12. Qe2 e6 13. O-O-O Bd6 14. Nf5 Bf4
15. Bxf4 Qxf4+ 16. Ne3 O-O-O 17. Rh4 Qc7 18. Nc4 Rhe8 19. Nfe5 Re7 20. Rh3 Nb6
21. Ra3 Kb8 22. Nxb6 axb6 23. Rg3 Rg8 24. a3 b5 25. Kb1 Nd5 26. c4 bxc4 27.
Qxc4 f6 28. Nd3 Rd8 29. Nc5 Qa5 30. Ka2 e5 31. dxe5 Rxe5 32. Rxg7 Re7 33. Rxe7
Nxe7 34. b4 1-0

[Event "V Festival A"]
[Site "Campobasso ITA"]
[Date "1998.09.12"]
[Round "4"]
[White "Naumkin, Igor"]
[Black "Dervishi, Erald"]
[Result "1-0"]
[WhiteElo "2475"]
[BlackElo "2430"]
[PlyCount "111"]
[EventDate "1998.09.11"]

1. d4 Nf6 2. c4 e6 3. Nf3 d5 4. Nc3 Be7 5. Bg5 O-O 6. e3 h6 7. Bh4 b6 8. Rc1
Bb7 9. Bd3 Nbd7 10. O-O c5 11. Qe2 Ne4 12. Bg3 Nxg3 13. hxg3 Nf6 14. Rfd1 a6
15. dxc5 bxc5 16. cxd5 exd5 17. e4 dxe4 18. Bxe4 Qc7 19. Bxb7 Qxb7 20. Ne5 Rfe8
21. Nc4 Nd7 22. Qf3 Qxf3 23. gxf3 Nf8 24. Nd5 Ne6 25. f4 Rab8 26. Kg2 Bf8 27.
b3 Red8 28. Nce3 a5 29. Nc3 g6 30. Nc4 Bg7 31. Na4 Ra8 32. Rxd8+ Rxd8 33. Rc2
Ra8 34. Ne3 Bd4 35. f5 gxf5 36. Nxf5 Kh7 37. Rc1 Kg6 38. Ne7+ Kf6 39. Nd5+ Kg6
40. Ndb6 Re8 41. Nc4 Kg7 42. Rc2 Ra8 43. Nab6 Ra7 44. Nd2 f5 45. Rc4 Rb7 46.
Na4 Kf6 47. Rc1 Re7 48. Nb6 Rb7 49. Ndc4 Ra7 50. Nd5+ Kg7 51. Re1 Ng5 52. Re7+
Rxe7 53. Nxe7 Kf6 54. Nd5+ Kf7 55. Nxa5 Ke8 56. f3 1-0

[Event "V Festival A"]
[Site "Campobasso ITA"]
[Date "1998.09.12"]
[Round "4"]
[White "Oppici, Gabriele"]
[Black "Campanile, Antonio"]
[Result "0-1"]
[WhiteElo "2085"]
[BlackElo "2155"]
[PlyCount "80"]
[EventDate "1998.09.11"]

1. d4 f5 2. Nc3 d5 3. Bg5 c6 4. e3 Nd7 5. Bd3 Ndf6 6. f3 e6 7. Nge2 Qc7 8. O-O
Bd6 9. Bf4 Bxf4 10. Nxf4 e5 11. dxe5 Qxe5 12. Qd2 Ne7 13. e4 g5 14. Nfe2 d4 15.
Nd1 f4 16. Bc4 c5 17. c3 dxc3 18. Ndxc3 Bd7 19. Nb5 Bxb5 20. Bxb5+ Kf7 21. Bc4+
Kg6 22. Rad1 Nc6 23. Bd5 Rad8 24. a3 b6 25. Qd3 Kh6 26. Qd2 Rhe8 27. Rfe1 Ne7
28. Nc3 Nc6 29. Qf2 Nd4 30. a4 a5 31. Bc4 Kg7 32. Na2 g4 33. Nc1 g3 34. Qf1
gxh2+ 35. Kxh2 Qg5 36. Ne2 Nc2 37. Rxd8 Rxd8 38. Rc1 Ne3 39. Qf2 Nxc4 40. Rxc4
Qh6+ 0-1